Genetic flux in plants. (Record no. 39207)

MARC details
000 -LEADER
fixed length control field 00358nam a2200145Ia 4500
082 ## - DEWEY DECIMAL CLASSIFICATION NUMBER
Classification number 575:58/581
Item number HOH
100 ## - MAIN ENTRY--AUTHOR NAME
Personal name DENNIS, E S
245 #0 - TITLE STATEMENT
Title Genetic flux in plants.
260 ## - PUBLICATION, DISTRIBUTION, ETC. (IMPRINT)
Place of publication New Delhi
Name of publisher Narosa
Year of publication 1985
650 ## - SUBJECT ADDED ENTRY--TOPICAL TERM
Topical Term Genetic flux
650 ## - SUBJECT ADDED ENTRY--TOPICAL TERM
Topical Term Somaclonal variation
700 ## - ADDED ENTRY--PERSONAL NAME
Personal name HOHN, B
942 ## - ADDED ENTRY ELEMENTS (KOHA)
Koha item type Books
Holdings
Withdrawn status Lost status Damaged status Not for loan Home library Current library Date acquired Full call number Accession Number Koha item type
        RRII Library RRII Library 16/12/2021 575:58/581 HOH 19551 Books